000
00246nam a22001217a 4500
008
180927b xxu||||| |||| 00| 0 eng d
041
_a
eng
080
_a
575
100
_a
5
101
_a
BIO
245
_a
Microscope
_c
Johnson
942
_2
udc
_c
BK
999
_c
48597
_d
48597